000 00973nam a2200289 a 4500
001 BRL_1542
005 20190320211244.0
008 240214s1947----mx-b######---#000-0#spa-#
041 _aspa
044 _amx
050 4 _aF1465
_b.P67 1947
245 1 0 _aPopol Vuh
_blas antiguas historias del Quiché
_ctraducidas del texto original, con una introducción y notas, por Adrián Recinos.
260 _aMéxico
_bFCE
_c1947
300 _a296 p.
_bil., mapas
_c21 cm.
440 0 _aBiblioteca Americana. Literatura indígena
_927220
500 _aAu1689
500 _aIndluye índice de materias, autores y documentos
504 _aBibliografía: p. 265-278
650 1 4 _aQuichés
_xReligión
_927221
650 1 4 _aMitología quiché
_927222
650 1 4 _aLiteratura quiché
_927223
650 1 4 _aManuscritos mayas
_923560
651 4 _aGuatemala
_xReligion y mitologia
_927224
700 1 _aRecinos, Adrián
_d1886-1962
_etr.
_927225
902 _aGRL
942 _2lcc
_cB
999 _c10351
_d10351